I 10 Paesi Europei Meno Densamente Popolati - Statistics

Statistiche generali
  • Questo quiz è stato fatto 67 volte
  • Il punteggio medio è 9 su 10
Statistiche sulle risposte
Paese Abitanti/ km² % Corretto
Finlandia 16
98%
Norvegia 15
98%
Svezia 20
98%
Russia 8
96%
Islanda 3
94%
Bielorussia 46
87%
Lettonia 34
85%
Lituania 54
85%
Estonia 28
83%
Montenegro 48
42%
Nessun quiz corrispondente trovato
Distribuzione punteggi
Percentuale di utenti per punteggio
Percentile per numero di risposta
I tuoi punteggi nel tempo
Non hai fatto questo quiz